| 000 | 00568nam a2200181 i 4500 | ||
|---|---|---|---|
| 001 | 99858 | ||
| 003 | ES-MaACL | ||
| 005 | 20240521101946.0 | ||
| 007 | t| | ||
| 008 | 050919s1910 sp ||||1| spa d | ||
| 100 | 1 |
_aMartínez Nacarino, Rafael. _978272 |
|
| 245 | 1 | 0 |
_aDon Francisco de Quevedo _b: Ensayo de biografía jurídica / _cRafael Martínez Nacarino. |
| 260 |
_aMadrid : _b[s.n.], _c1910 ( _eImp. Ibérica) |
||
| 300 |
_a150 p. ; _c23 cm. |
||
| 600 | 1 | 4 |
_aQuevedo, Francisco de, _d1580-1645 _994591 |
| 852 |
_aES-MaACL _jT-1191-F-2 |
||
| 999 |
_c99858 _d99858 |
||